LDR 00916naa#a2200193#i#450# 001 RU\\bibl\125729 005 20260630004142.2 011 ## _a2077-7566 100 ## _a20260629b2026####ek#y0rusy0150####ca 101 0# _aRUS 102 ## _aRU 200 1# _aОБРАЩАЕМОСТЬ ПАЦИЕНТОВ С ВИЧ-ИНФЕКЦИЕЙ ЗА СТОМАТОЛОГИЧЕСКОЙ ПОМОЩЬЮ НА ТЕРРИТОРИИ РОССИЙСКОЙ ФЕДЕРАЦИИ (2021–2025 ГГ.) _eЖурнальная статья 210 1# _aЕкатеринбург _cИздательский Дом «ТИРАЖ» _d2026 215 ## _a5 с. 608 ## _aЖурнальная статья _2local 675 ## _aСтоматология. Заболевания ротовой полости и зубов. 616.31 _zRUS 700 #1 _aМузыкин _gМаксим Игоревич 700 #1 _aХанов _gИльяс Альгисович 856 4# _adental-press.ru _u